02526 2201105 4500001002100000005001500021035002000036007000300056008004100059020002200100082001100122084001700133100002900150245015700179250001000336300003200346500004000378600003300418264003100451336002100482337003000503338002300533990001200556990001200568990001200580990001200592990001200604990001200616990001200628990001200640990001200652990001200664990001200676990001200688990001200700990001200712990001200724990001200736990001200748990001200760990001200772990001200784990001200796990001200808990001200820990001200832990001200844990001200856990001200868990001200880990001200892990001200904990001200916990001200928990001200940990001200952990001200964990001200976990001200988990001201000990001201012990001201024990001201036990001201048990001201060990001201072990001201084990001201096990001201108990001201120990001201132990001201144990001201156990001201168990001201180990001201192990001201204990001201216990001201228990001201240990001201252990001201264990001201276990001201288990001201300990001201312990001201324990001201336990001201348990001201360990001201372990001201384990001201396990001201408INLIS00000000000023320231009093242 a0010-1023000014ta231009 0 ind  a978-623-266-858-4 a004.65 a004.65 AND d0 aAndi NoviantoePengarang1 aDasar-Dasar Teknik Jaringan Komputer dan Telekomunikasi SMK/MAK Kelas X :bProgram Keahlian Teknik Jaringan Komputer dan Telekomunikasi /cAndi Novianto acet 1 ax, 278 hlm :bilus ;c25 cm aFase E, Volume 1 Kurikulum Merdeka 4aTeknik Komputer dan Jaringan aJakarta :bErlangga,c2023 2rdacontentateks 2rdamediaatanpa perantara 2rdacarrieravolume a23.0496 a23.0497 a23.0498 a23.0499 a23.0500 a23.0501 a23.0502 a23.0503 a23.0504 a23.0505 a23.0506 a23.0507 a23.0508 a23.0509 a23.0510 a23.0511 a23.0512 a23.0513 a23.0514 a23.0515 a23.0516 a23.0517 a23.0518 a23.0519 a23.0520 a23.0521 a23.0522 a23.0523 a23.0524 a23.0525 a23.0526 a23.0527 a23.0528 a23.0529 a23.0530 a23.0531 a23.0532 a23.0533 a23.0534 a23.0535 a23.0536 a23.0537 a23.0538 a23.0539 a23.0540 a23.0541 a23.0542 a23.0543 a23.0544 a23.0545 a23.0546 a23.0547 a23.0548 a23.0549 a23.0550 a23.0551 a23.0552 a23.0553 a23.0554 a23.0555 a23.0556 a23.0557 a23.0558 a23.0559 a23.0560 a23.0561 a23.0562 a23.0563 a23.0564 a23.0565 a23.0566 a23.0777